[Event "FRA-chT2A 0506"]
[Site "France"]
[Date "2006.01.14"]
[Round "5.3"]
[White "Calas, Bernard"]
[Black "Spitz, Patrick"]
[Result "0-1"]
[WhiteElo "2137"]
[BlackElo "2178"]
[PlyCount "140"]
[EventDate "2005.10.27"]
[EventType "team-tourn"]
[EventRounds "11"]
[EventCountry "FRA"]
[SourceTitle "EXT 2006"]
[Source "ChessBase"]
[SourceDate "2005.11.24"]
[SourceVersion "1"]
[SourceVersionDate "2005.11.24"]
[SourceQuality "1"]
[WhiteTeam "Bordeaux Echecs"]
[BlackTeam "Evry III"]
[WhiteTeamCountry "FRA"]
[BlackTeamCountry "FRA"]

1. e4 c5 2. d4 cxd4 3. c3 d3 4. Bxd3 Nc6 5. c4 g6 6. Nc3 Bg7 7. Nge2 Nf6 8. h3 d6 9. Be3 Bd7 10. f4 Nb4 11. 0-0 Nxd3 12. Qxd3 Bc6 13. Nd4 Nd7 14. b4 a5 15. a3 0-0 16. Qe2 Nf6 17. Qd3 Qc7 18. b5 Bd7 19. b6 Qc8 20. f5 Bc6 21. Rac1 Nd7 22. fxg6 hxg6 23. Ndb5 Ne5 24. Qe2 Qd7 25. Nd5 Nxc4 26. Rxc4 Bxb5 27. Rc7 Bxe2 28. Rxd7 Bxf1 29. Nxe7+ Kh7 30. Kxf1 Rab8 31. a4 Rfe8 32. Ke2 Bf6 33. Nd5 Kg7 34. Kd3 Be5 35. Nc7 Rec8 36. Ne6+ Kg8 37. Ng5 Rf8 38. Bd2 Bf6 39. Nf3 Rfd8 40. Rc7 Rdc8 41. Bxa5 Rxc7 42. bxc7 Rc8 43. h4 Kf8 44. g4 Ke8 45. g5 Be5 46. Nxe5 dxe5 47. Kc4 Kd7 48. Kd5 Ra8 49. Bc3 Rxa4 50. Kxe5 Ra6 51. Kd5 Kxc7 52. Be5+ Kd7 53. Bc3 Ra2 54. Ke5 Rh2 55. Kf6 Ke8 56. e5 Rxh4 57. e6 Rf4+ 58. Kg7 fxe6 59. Kxg6 Kf8 60. Be5 Rf7 61. Kh6 Kg8 62. Kh5 b5 63. Bd6 Rf5 64. Kg6 Rd5 65. Be7 Rd4 66. Kf6 b4 67. Ke5 Rg4 68. Kf6 b3 69. Ba3 Rg2 70. Kxe6 b2 0-1

[Event "Bordeaux op"]
[Site "Bordeaux"]
[Date "2006.??.??"]
[Round "7"]
[White "Gioanni, Thibaut"]
[Black "Calas, Bernard"]
[Result "1/2-1/2"]
[WhiteElo "1800"]
[BlackElo "2151"]
[PlyCount "101"]
[EventDate "2005.??.??"]
[EventType "swiss"]
[EventRounds "7"]
[EventCountry "FRA"]
[SourceTitle "EXT 2007"]
[Source "ChessBase"]
[SourceDate "2006.11.23"]
[SourceVersion "1"]
[SourceVersionDate "2006.11.23"]
[SourceQuality "1"]

1. e4 c5 2. Nf3 g6 3. d4 Bg7 4. dxc5 Qa5+ 5. Nc3 Nf6 6. Bd3 Qxc5 7. Be3 Qa5 8. h3 Nc6 9. 0-0 d5 10. exd5 Nxd5 11. Nxd5 Qxd5 12. c3 0-0 13. Bc2 Qh5 14. Nd4 Qd5 15. Nxc6 Qxc6 16. Re1 e5 17. Bb3 Be6 18. Bxe6 Qxe6 19. Bf4 Rfd8 20. Qf3 Qd5 21. Qxd5 Rxd5 22. Be3 b6 23. Kf1 f5 24. Rad1 Rad8 25. Ke2 f4 26. Bc1 Kf7 27. Rxd5 Rxd5 28. g3 g5 29. Kf3 b5 30. Kg4 Kg6 31. h4 h5+ 32. Kf3 e4+ 33. Kg2 f3+ 34. Kh2 gxh4 35. Rxe4 hxg3+ 36. Kxg3 Rd1 37. Be3 Ra1 38. a3 Rb1 39. Rb4 a6 40. Kxf3 Bf6 41. a4 bxa4 42. Rxa4 Rxb2 43. Rxa6 Kf5 44. c4 Rc2 45. c5 h4 46. c6 Be5 47. Ra5 Rc3 48. c7 Ke6 49. Kg4 Rc4+ 50. Kh5 Bxc7 51. Rc5 1/2-1/2

[Event "FRA-chT2 0304"]
[Site "France"]
[Date "2004.02.01"]
[Round "7"]
[White "David, Vincent"]
[Black "Calas, Bernard"]
[Result "1-0"]
[WhiteElo "2312"]
[BlackElo "2202"]
[PlyCount "41"]
[EventDate "2003.10.??"]
[EventType "team"]
[EventRounds "11"]
[EventCountry "FRA"]
[SourceTitle "EXT 2005"]
[Source "ChessBase"]
[SourceDate "2004.11.15"]
[SourceVersion "1"]
[SourceVersionDate "2004.11.15"]
[SourceQuality "1"]
[WhiteTeam "Poitiers Buxerolles"]
[BlackTeam "Bordeaux Echecs II"]
[WhiteTeamCountry "FRA"]
[BlackTeamCountry "FRA"]

1. d4 g6 2. Nf3 Bg7 3. c4 d6 4. g3 Nf6 5. Bg2 0-0 6. 0-0 Nc6 7. d5 Na5 8. Nbd2 c6 9. b4 Nxd5 10. cxd5 Bxa1 11. bxa5 Qxa5 12. Nb3 Qxa2 13. Nxa1 Qxa1 14. dxc6 bxc6 15. Qc2 Qa6 16. Bh6 Re8 17. Qc3 f6 18. Nd4 Bd7 19. Nxc6 Qxe2 20. Re1 Qh5 21. Nxe7+ 1-0